The division of labour : (Record no. 161857)

MARC details
000 -LEADER
fixed length control field 00929pam a2200265 i 4500
008 - FIXED-LENGTH DATA ELEMENTS--GENERAL INFORMATION
fixed length control field MAIN|c(27440)
020 ## - INTERNATIONAL STANDARD BOOK NUMBER
International Standard Book Number 039100591X(pbk.)
090 ## - LOCALLY ASSIGNED LC-TYPE CALL NUMBER (OCLC); LOCAL CALL NUMBER (RLIN)
Classification number (OCLC) (R) ; Classification number, CALL (RLIN) (NR) HD51 .G67913 1976
003 - CONTROL NUMBER IDENTIFIER
control field
005 - DATE AND TIME OF LATEST TRANSACTION
control field 20230123134214.0
040 ## - CATALOGING SOURCE
Transcribing agency NUST
049 ## - LOCAL HOLDINGS (OCLC)
Holding library MAIN
100 1# - MAIN ENTRY--PERSONAL NAME
Personal name Gorz, Andre`.
245 14 - TITLE STATEMENT
Title The division of labour :
Remainder of title the labour process and class-struggle in modern capitalism /
Statement of responsibility, etc. edited by Andr?e Gorz.
260 ## - PUBLICATION, DISTRIBUTION, ETC.
Place of publication, distribution, etc. Atlantic Highlands, N.J. :
Name of publisher, distributor, etc. Humanities Press,
Date of publication, distribution, etc. 1976.
300 ## - PHYSICAL DESCRIPTION
Extent xiv, 189 p. ;
Dimensions 23 cm.
490 1# - SERIES STATEMENT
Series statement Marxist theory and contemporary capitalism.
500 ## - GENERAL NOTE
General note Translation of Critique de la division du travail.
504 ## - BIBLIOGRAPHY, ETC. NOTE
Bibliography, etc. note Includes bibliographical references.
650 #0 - SUBJECT ADDED ENTRY--TOPICAL TERM
Topical term or geographic name entry element Division of labor.
650 #0 - SUBJECT ADDED ENTRY--TOPICAL TERM
Topical term or geographic name entry element Industrial sociology.
830 #0 - SERIES ADDED ENTRY--UNIFORM TITLE
Uniform title Marxist theory and contemporary capitalism.
907 ## - LOCAL DATA ELEMENT G, LDG (RLIN)
a .b10202523
b 11-05-06
c 11-05-06
942 ## - ADDED ENTRY ELEMENTS (KOHA)
Koha item type Ordinary Loan Books
Call number prefix HD51 .G67913 1976
Holdings
Date last seen Total Checkouts Full call number Barcode Cost, replacement price Price effective from Koha item type Lost status Source of classification or shelving scheme Damaged status Not for loan Collection Withdrawn status Home library Current library Shelving location Date acquired Cost, normal purchase price
01/23/2023   HD51 .G67 GOR 92003025899 80.00 01/23/2023 BOOKS   LCC     NFIC   MAIN MAIN GEN 01/23/2023 80.00